000
00292nam a22001337a 4500
008
170621b xxu||||| |||| 00| 0 eng d
020
_a
9781846031083
041
_a
eng
080
_a
93
100
_a
20
101
_a
SHH
245
_a
SHADOWS IN THE DESSERT
_c
FARROKH,, K
942
_2
udc
_c
BK
999
_c
18498
_d
18498